| 000 | 00963nam a2200277 i 4500 | ||
|---|---|---|---|
| 001 | bg | ||
| 003 | BPK | ||
| 005 | 20201113111514.0 | ||
| 008 | 980715s1997 pl a f |000 0 ruso | ||
| 015 | _aPB 1997/14113 | ||
| 020 | _a8301122854 | ||
| 040 |
_aWA N _cBPK |
||
| 041 | 0 | _arus | |
| 080 | _a811.161.1 | ||
| 080 | _a(075.3+076) | ||
| 100 | 1 |
_aGranatowska, Halina _d(1937-1999). |
|
| 245 | 1 | 0 |
_aKak dela ? 2. _n[Cz. 2], _pZeszyt ćwiczeń / _cHalina Granatowska, Irena Danecka. |
| 260 |
_aWarszawa : _bWydaw. Szkolne PWN, _c1997. |
||
| 300 |
_a111 s. : _bfot., 3 pl., rys. ; _c29 cm + _e2 kasety dźw. |
||
| 650 | 4 |
_aJęzyk rosyjski _xszkoły średnie. |
|
| 655 | 4 | _aĆwiczenia i zadania dla szkół średnich. | |
| 700 | 1 | _aDanecka, Irena. | |
| 710 | 2 |
_aWydawnictwo Szkolne PWN _4pbl. |
|
| 856 |
_uhttp://koha.tu.koszalin.pl/cgi-bin/koha/opac-detail.pl?biblionumber=32148 _yKatalog online BPK |
||
| 942 |
_2UKD _cKS |
||
| 999 |
_c32148 _d32148 |
||